Das sechste Theil der neuwen Welt oder Der Historien Hieron. Benzo von Meylandt/ Das dritte Buch. Darinnen warhafftig erzehlet wirdt/ wie die Spanier die Goldreiche Landschafften deß Peruanischen Königreichs eyngenommen/ den König Atabalibam gefangen vnd getödtet. Auch wie sie entlich sich selbst vntereinander auffgerieben haben. Sampt einem kurtzen zu end angehengten Tractätlein von den glückhafftigen Jnseln. Mit nützlichen vnd notwendigen Erklärungen auff eines jedes Capitel/ gemehret. Auch einer Landtafel deß Peruanischen Königreichs. Alles mit schönen Kupfferstücken vorgebildet vnd an Tag geben Durch Dieterich von Bry/ Kunststecher vnd Bürger zu Franckfurt. (Folgen hernacher Eigentliche Fürbildung/ aller neuwen frembden/ seltzamen Historien vnnd Geschichten/ so sich warhafftig in dem Geltreichen vnnd mächtigen Königreich Perv, zu zeiten deß gewaltigen Königs Attabalibae, als die Spanier erstmals dasselbige Landt erfunden/ zugetragen haben/ Auß etlichen warhafftigen Autoribus gezogen/ vnd klärlich für Augen gestellet... )

Bibliographic Details
Main Author: Benzoni, Girolamo, 1519-1570 (Author)
Corporate Author: Feyerabend, Johann; verl. Bry, Theodor de (Frankfurt am Main, Nemecko) (Printer)
Other Authors: Feyerabend, Johann, 1550-1599 (Printer), Bry, Theodor de, 1528-1598 (Engraver, Author of introduction, etc.)
Format: Book
Language:German
PhysicalDescription:[3], 62 [správne 61], [1], 28 l. + 1 dvojstranová mapa fol. 35 x 25 cm
Published: Gedruckt zu Franckfurt am Mayn bey Johann Feyrabendt/ in verlegung Dietrichs von Bry M.D.XCVII. [=1597]
Subjects:

MARC

LEADER 00000nam a2200000 a 4500
001 vtls011740372
003 SK-MaSNL
005 20260301100125.0
008 200612t1597 gw af 000 0 ger
015 |a SNBHFA1597 
035 |a urn:nbn:sk:snk-am00cris 
035 |a urn:nbn:sk:snk-am3hatb 
035 |a 7DB48809-581C-4794-BF87-FD9A2D30B263 
040 |a SNKHF  |b slo  |c SNK  |e AACR2 
041 0 |a ger 
044 |a gw  |c DE 
072 7 |a 91  |x Geografia ako veda. Výskum. Cestovanie  |2 konspekt 
080 |a 339  |2 2001 
080 |a 91  |2 2011 
100 1 |a Benzoni, Girolamo,  |d 1519-1570  |4 aut  |9 432469 
245 1 4 |a Das sechste Theil der neuwen Welt  |b oder Der Historien Hieron. Benzo von Meylandt/ Das dritte Buch. Darinnen warhafftig erzehlet wirdt/ wie die Spanier die Goldreiche Landschafften deß Peruanischen Königreichs eyngenommen/ den König Atabalibam gefangen vnd getödtet. Auch wie sie entlich sich selbst vntereinander auffgerieben haben. Sampt einem kurtzen zu end angehengten Tractätlein von den glückhafftigen Jnseln. Mit nützlichen vnd notwendigen Erklärungen auff eines jedes Capitel/ gemehret. Auch einer Landtafel deß Peruanischen Königreichs. Alles mit schönen Kupfferstücken vorgebildet vnd an Tag geben Durch Dieterich von Bry/ Kunststecher vnd Bürger zu Franckfurt. (Folgen hernacher Eigentliche Fürbildung/ aller neuwen frembden/ seltzamen Historien vnnd Geschichten/ so sich warhafftig in dem Geltreichen vnnd mächtigen Königreich Perv, zu zeiten deß gewaltigen Königs Attabalibae, als die Spanier erstmals dasselbige Landt erfunden/ zugetragen haben/ Auß etlichen warhafftigen Autoribus gezogen/ vnd klärlich für Augen gestellet... ) 
260 |a Gedruckt zu Franckfurt am Mayn  |b bey Johann Feyrabendt/ in verlegung Dietrichs von Bry  |c M.D.XCVII. [=1597] 
300 |a [3], 62 [správne 61], [1], 28 l. + 1 dvojstranová mapa  |c fol.  |c 35 x 25 cm 
500 |a Vinety, iniciálky s ornamentálnym pozadím vo voľnom priestore na 3-5, 8, 10 r., titulný list v rytom ráme s figurálnou kompozíciou, ilustrované listy k textu, erb, veduty, mapy, marginálie, kustódy, vodoznak 
501 |a Príväzok 1.: SCHMIDEL, Ulrich. Das VII. Theil America. [Frankfurt am Maim] : Theodor de Bry, 1597. fol.  |5 SNK IA 1032 
501 |a Príväzok 2.: AMERICA. Americae Achter Theil. Frackfurt am Mayn : durch Mathaeum Becker, 1599. fol.  |5 SNK IA 1032 
501 |a Príväzok 3.: AMERICA. Neundter und Letzter Theil Americae... Franckfurt am Mayn, Wolfgang Richter. 1601. fol.  |5 SNK IA 1032 
501 |a Príväzok 4.: AMERICA. Additamentum. Oder Anhang dess neundten Theils Americae. Franckfurt am Mayn, Matthaeus Becker, 1602. fol.  |5 SNK IA 1032 
508 |a Ded.: Mauritius - landgróf hesenský; Bry, Theodor de 
510 4 |a VD 16 B/1750 
550 |a Impresoské údaje doplnené z kolofónu 
562 |a Proveniencia: pečiatka Dr. E. Kadarász - ver. not. poz. Margity Zayovej Čís. 1039 - na titulnom liste nečitateľný zápis.  |5 SNK IA 1032 
563 |a Väzba: baroková, tmavohnedá koža s ornamentálnou slepotlačou, stopy pošnúrkach, na chrbte modrý štítok s číslom 1068.  |5 SNK IA 1032 
650 0 7 |a zámorské objavy  |2 SNK  |9 351145 
700 1 |a Zaiová, Margita,  |d 1868-1937  |4 sgn  |9 186369 
700 1 |a Kadarász, Ernest  |4 oth  |9 302455 
700 1 |a Feyerabend, Johann,  |d 1550-1599  |4 prt  |9 158367 
700 1 |a Bry, Theodor de,  |d 1528-1598  |4 pbl  |4 egr  |4 aui  |9 169237 
700 0 |a Mauritius  |c landgróf hesenský  |4 hnr  |9 432470 
710 2 |a Feyerabend, Johann; verl. Bry, Theodor de (Frankfurt am Main, Nemecko)  |4 prt  |9 432471 
752 |a Frankfurt am Main  |d Nemecko 
852 |a SNK  |b Zaiova knižnica: Zay 1068  |p IA 1032 
958 |a ONDV 
999 |c 685261  |d 687191 
952 |t Zay 1068  |a SNK  |b SNK  |c SNK_HF  |y PREZ  |7 0  |p 17A1299502  |o snkIA 1032  |i snk2018/3210  |8 5  |z Príväzky: 4  |0 0  |1 0  |4 0  |d 2018-02-05  |f 1  |l 0  |r 2026-02-23 20:10:03  |w 2026-02-23